000 00878nac a22002777a 4500
001 BR0602219
003 BR-BrBNA
005 20240105123320.0
008 230509b bl.|||m| |||| 00| 0 por d
040 _aBR-BrBNA
_bpor
_cBiblioteca Nacional de Agricultura
072 _aF70
090 _a3290 BR0602219
100 1 _aFarias, R.
100 1 _aProença, C.
110 1 _aBradea, Rio de Janeiro, RJ (Brasil)
_91283
245 1 _aJacaranda decurrens subsp. Symmetrifoliolata Farias Proença (Bignoniaceae), novo táxon para o bioma cerrado
260 3 _aRio de Janeiro, RJ (Brasil):
_c2003.
300 _a10 p.
490 _aAlbertoa (Brazil)
_vv. 9(2)
_xISSN 0084-800X
500 _aSummaries (En, Pt); 5 ref.
650 _aBIGNONIACEAE
650 _aJACARANDÁ
650 _aCERRADO
909 _a202312
_bLúcia Elande
_c55
_dLúcia Elande
942 _2AGRIS
_n0
_cMS
999 _c294916
_d294916